Group-theoretical methods for integration of nonlinear dynamical systems

Αποθηκεύτηκε σε:
Λεπτομέρειες βιβλιογραφικής εγγραφής
Κύριος συγγραφέας: Leznov, A. N. (Andrei Nikolaevich)
Άλλοι συγγραφείς: Savelev, M. V. (Mikhail Vladimirovich), Leites, D. A. (Dmitrii Aleksandrovich) (Μεταφραστής)
Μορφή: Βιβλίο
Γλώσσα:English
Russian
Δημοσίευση: Basel ; Boston : Birkhauser Verlag, c1992
Σειρά:Progress in physics ; ; 15
Θέματα:
Ετικέτες: Προσθήκη ετικέτας
Δεν υπάρχουν, Καταχωρήστε ετικέτα πρώτοι!

MARC

LEADER 00000nam a2200000 i 4500
001 1/71479
008 990304s1992 eng d
020 |a 3-7643-2615--8 
035 |l 10048334 
040 |a GR-MY-UA  |b gre  |e aacr 
041 0 |a eng  |h rus 
082 0 |a 515.352 
100 1 |a Leznov, A. N.  |q (Andrei Nikolaevich) 
245 1 0 |a Group-theoretical methods for integration of nonlinear dynamical systems /  |c A. N. Leznov, M. V. Saveliev ; translated from the russian by D. A. Leites 
260 |a Basel ; Boston :   |b Birkhauser Verlag,   |c c1992 
300 |a xvii, 290 p.;  |b ill.;  |c 24 cm. 
490 1 |a Progress in physics  |v ; 15 
500 |a Includes bibliographical references 
650 0 0 |a Differentiable dynamical systems. 
650 0 0 |a Lie groups. 
650 0 0 |a Representations of groups. 
650 0 0 |a Nonlinear theories. 
700 1 |a Savelev, M. V.  |q (Mikhail Vladimirovich) 
700 1 |a Leites, D. A. (Dmitrii Aleksandrovich)  |4 trl 
830 0 |a Progress in physics ;  |v ; 15 
852 |a INST  |b SAMOS  |e 19990304  |h 515.352 LEZ  |p 005300013179  |q 005300013179  |t BK  |y 0 
901 |a BIBL-1999-1 
909 |a Σ  |b 063138 
922 |a 3ΕΛΗ  |b 199901  |c ΕΠΕΑΕΚ/ΜΑΘ  |d GLORY